00788nam a2200181 a 4500008004100000020001500041050001400056100001800070245005700088250001200145260005600157300002100213350001000234650002600244995017400270999001700444952014500461151214s2006 ||||||||||||||||| || u a8180615944 aRD 31 Ebn aEbnezar, John10aTextbook of orthopaedics. (3rd ed.)cBy John Ebnezar a3rd ed. aNew DelhibJaypee Brothers Medical publishersc2006 axxi, 636p.: ill. a24.40 aORTHOPAEDICS--METHODS aMEDICAL LIBRARY OPEN ACCESSe903204FCBU-SCHOOL OF MEDICINE LIBRARY (Ndola)I24.40jRD 31 EbnM1UAVAILABLEWDec 16, 2015y903204ZMedical Library Open Access Collection c32897d32897 00102lcc4070a002b002cMedical Library Open Access Collectiond2022-11-30l1oRD 31 Ebnp903204r2024-06-20s2024-06-06w2022-11-30y002